|
|
|
|
| LEADER |
02248nam a2200613 4500 |
| 001 |
ocn805892444 |
| 003 |
OCoLC |
| 005 |
20170124070516.4 |
| 006 |
m o d |
| 007 |
cr ||||||||||| |
| 008 |
120810s2013 enk ob 001 0 eng |
| 010 |
|
|
|a 2012032654
|
| 040 |
|
|
|a DLC
|b eng
|e rda
|e pn
|c DLC
|d N$T
|d UIU
|d DG1
|d OCLCF
|d UKDOC
|d MFS
|d OCLCQ
|d GrThAP
|
| 020 |
|
|
|a 9781118403181
|q (Adobe PDF)
|
| 020 |
|
|
|a 1118403185
|q (Adobe PDF)
|
| 020 |
|
|
|a 9781118403167
|q (ePub)
|
| 020 |
|
|
|a 1118403169
|q (ePub)
|
| 020 |
|
|
|a 9781118403174
|q (MobiPocket)
|
| 020 |
|
|
|a 1118403177
|q (MobiPocket)
|
| 020 |
|
|
|a 9781118403198
|q (electronic bk.)
|
| 020 |
|
|
|a 1118403193
|q (electronic bk.)
|
| 020 |
|
|
|z 9781118313633
|q (cloth)
|
| 029 |
1 |
|
|a AU@
|b 000050066360
|
| 029 |
1 |
|
|a CHBIS
|b 009914402
|
| 029 |
1 |
|
|a CHVBK
|b 199573832
|
| 029 |
1 |
|
|a GBVCP
|b 721474616
|
| 029 |
1 |
|
|a NZ1
|b 15916044
|
| 029 |
1 |
|
|a DEBBG
|b BV041829035
|
| 035 |
|
|
|a (OCoLC)805892444
|
| 042 |
|
|
|a pcc
|
| 050 |
0 |
0 |
|a TJ263
|
| 072 |
|
7 |
|a TEC
|x 009070
|2 bisacsh
|
| 082 |
0 |
0 |
|a 621.402/2
|2 23
|
| 049 |
|
|
|a MAIN
|
| 100 |
1 |
|
|a McDonald, Andre G.
|
| 245 |
1 |
0 |
|a Introduction to thermo-fluids systems design /
|c Andre G. McDonald, Ph. D., P. Eng., Hugh L. Magande, M.B.A., M.S.E.M.
|
| 264 |
|
1 |
|a Chichester, West Sussex, United Kingdom :
|b John Wiley & Sons Inc.,
|c 2013.
|
| 300 |
|
|
|a 1 online resource.
|
| 336 |
|
|
|a text
|b txt
|2 rdacontent
|
| 337 |
|
|
|a computer
|b c
|2 rdamedia
|
| 338 |
|
|
|a online resource
|b cr
|2 rdacarrier
|
| 500 |
|
|
|a Includes index.
|
| 588 |
0 |
|
|a Print version record and CIP data provided by publisher.
|
| 504 |
|
|
|a Includes bibliographical references and index.
|
| 650 |
|
0 |
|a Heat exchangers
|x Fluid dynamics.
|
| 650 |
|
0 |
|a Fluids
|x Thermal properties.
|
| 650 |
|
7 |
|a TECHNOLOGY & ENGINEERING
|x Mechanical.
|2 bisacsh
|
| 650 |
|
7 |
|a Fluids
|x Thermal properties.
|2 fast
|0 (OCoLC)fst00928081
|
| 650 |
|
7 |
|a Heat exchangers
|x Fluid dynamics.
|2 fast
|0 (OCoLC)fst00953883
|
| 655 |
|
4 |
|a Electronic books.
|
| 700 |
1 |
|
|a Magande, Hugh L.
|
| 776 |
0 |
8 |
|i Print version:
|a McDonald, Andre G.
|t Introduction to thermo-fluids systems design
|z 9781118313633
|w (DLC) 2012023753
|
| 856 |
4 |
0 |
|u https://doi.org/10.1002/9781118403198
|z Full Text via HEAL-Link
|
| 994 |
|
|
|a 92
|b DG1
|